| 000 | 004640000a22001930004500 | ||
|---|---|---|---|
| 001 | 001163 | ||
| 003 | MACL | ||
| 005 | 20150821130630.0 | ||
| 008 | 150821b xxu||||| |||| 00| 0 eng d | ||
| 040 |
_aMACL _cMACL |
||
| 041 | _aEnglish | ||
| 082 | _a621.381/RAJ | ||
| 100 |
_aRajaraman, V _96480 |
||
| 245 |
_aSuper Computers _cV Rajaraman |
||
| 260 |
_aHyderabad _c1999 _bUniverisities Press, |
||
| 350 | _a80 | ||
| 650 |
_aComputers _96481 |
||
| 942 |
_k621 _cBK _2ddc |
||
| 999 |
_c1158 _d1158 |
||